German Language Article Endings - Statistics

General Stats
  • This quiz has been taken 92 times
  • The average score is 14 of 16
Answer Stats
Case Gender Article % Correct
Nominative Neuter das
100%
Nominative Masculine der
100%
Nominative Feminine die
100%
Nominative Plural die
100%
Dative Masculine dem
94%
Accusative Neuter das
92%
Accusative Masculine den
92%
Accusative Feminine die
92%
Accusative Plural die
92%
Dative Feminine der
90%
Dative Neuter dem
88%
Dative Plural den
77%
Genitive Masculine des
75%
Genitive Feminine der
71%
Genitive Neuter des
71%
Genitive Plural der
69%
No matching quizzes found
Score Distribution
Percent of People with Each Score
Percentile by Number Answered
Your Score History
You have not taken this quiz